000 00795nam a2200205Ii 4500
003 JO-AjNU
008 230605s9999||||xx |||||||||||||| ||und||
040 _aJO-AjNU
_bara
_erda
_cJO-AjNU
041 _aara
050 1 4 _aBP183.6 2000
100 3 _aجمع وترتيب: الغالبي، عبد الله حسن ، علي محمد فارع الحمزي,
_eauthor
_917126
245 0 0 _aخمسون خطبة للجمع والأعياد
250 _aط1
264 3 1 _aاليمن: مركز اهل البيت للدراسات الاسلامية، 2000
300 _a241ص
336 _atext
_btxt
_2rdacontent
337 _aunmediated
_bn
_2rdamedia
338 _avolume
_bnc
_2rdacarrier
650 4 _aالخطابة الدينية- الدعوة الاسلامية- الوعظ والارشاد
_917127
999 _aA5224
_c8792
_d8792